| 000 | 00549nam a2200121 a 4500 | ||
|---|---|---|---|
| 008 | 080515s2001 ||||||||||||||||| || u | ||
| 050 | _aTHESIS/STUDENT | ||
| 100 | _aMutumba, Jacquline K. A | ||
| 245 | 1 | 0 | _aBenhmarking: a survival strategy for the Zambian Contractor |
| 260 |
_aKitwe _bCopperbelt University, School of Built Environment, Department of Building _c2001 |
||
| 350 | _a0.00 | ||
| 995 |
_D0.00 _FCBU-MAIN LIBRARY (Kitwe) _H1 _I0.00 _M1 _UAVAILABLE _WMay 15, 2008 _ZUniversity Collection |
||
| 999 |
_c35733 _d35733 |
||